000
00326nam a22001457a 4500
003
SGT
020
_a
978935143152
082
_a
340,GHO
100
_a
GHOSH YASHOMATI
245
_a
LEGAL ETHICS AND THE PROFESSION OF LAW
260
_a
GURGAON
_b
LEXIS NEXIS
_c
2014
300
_a
348
650
_a
LAW BOOKS
942
_2
ddc
_c
BK
999
_c
10168
_d
10168